000
00250cam a2200121ua 4500
082
_a
604.2
_b
BHA/EL
100
_a
Bhatt, N D.
245
_a
Elementary Engineering Drawing
250
_a
6 /
_b
.
300
_a
; .
504
_a
999
_c
11346
_d
11346